Catalog

Record Details

Catalog Search



Monkey's puzzle / [Board Book] Jean Coppendale ; ... Read More

Holmes, Stephen, 1959-(Added Author).

Available copies

  • 1 of 1 copy available at LARL/NWRL Consortium.
  • 1 of 1 copy available at Northwest Regional Library. (Show preferred library)

Current holds

0 current holds with 1 total copy.

Show Only Available Copies
Location Call Number / Copy Notes Barcode Shelving Location Status Due Date
Greenbush Public Library e COP (BOARD BOOK) (Text) 35500004074702 Main Available -

Record details

  • ISBN: 1902463226
  • ISBN: 9781902463223
  • Physical Description: [14] p. : ill. ; 17 cm.
  • Publisher: London : Red Kite, 2002.

Content descriptions

General Note:
On board pages.
In slip case attached to box with acetate window containing jigsaw puzzle.
Subject: Jigsaw puzzles > Specimens.
Genre: Board books.
LDR 00975cam a22002775a 4500
00183881
003LARL_NWRL_CONSORTIUM
00520070906160538.0
008030124s2002 enka j 000 f eng
015 . ‡aGBA3-10703
020 . ‡a1902463226
020 . ‡a9781902463223
035 . ‡a(OCoLC)51527203
040 . ‡aUKM ‡cUKM ‡dOCLCQ ‡dNRG
1001 . ‡aCoppendale, Jean. ‡0(LARL_NWRL_CONSORTIUM)220195
24510. ‡aMonkey's puzzle / ‡h[Board Book] ‡cJean Coppendale ; illustrated by Stephen Holmes.
260 . ‡aLondon : ‡bRed Kite, ‡c2002.
300 . ‡a[14] p. : ‡bill. ; ‡c17 cm.
500 . ‡aOn board pages.
500 . ‡aIn slip case attached to box with acetate window containing jigsaw puzzle.
650 0. ‡aJigsaw puzzles ‡vSpecimens.
655 0. ‡aBoard books.
7001 . ‡aHolmes, Stephen, ‡d1959- ‡0(LARL_NWRL_CONSORTIUM)184978
901 . ‡a83881 ‡bOCLC ‡c83881 ‡tbiblio

Additional Resources